000
00284nam a2200109Ia 4500
008
190919s9999||||xx |||||||||||||| ||und||
100
_a
Khargamwala F.
245
0
_a
Negotiable Instruments Act (XXVI of 1881)
260
_a
Dhaka
_b
Tata McGraw Hill
_c
1999
300
_a
378
942
_c
BK
999
_c
11463
_d
11463